Places with the Most Danes - Statistics

General Stats
  • This quiz has been taken 54 times
  • The average score is 16 of 21
Answer Stats
Population Country % Correct
1,430,897 United States
100%
52,510 Norway
98%
4,996,980 Denmark
96%
50,000 Germany
96%
42,602 Sweden
96%
18,493 United Kingdom
96%
200,035 Canada
94%
8,944 Spain
94%
7,000 France
92%
50,413 Australia
91%
2,802 Iceland
83%
809 Ireland
75%
3,507 New Zealand
75%
4,251 Switzerland
74%
1,281 Austria
68%
140,000 Brazil
66%
13,000 Argentina
64%
501 Japan
57%
6,348 Greenland
32%
2,956 Faroe Islands
17%
398 Lebanon
8%
No matching quizzes found
Score Distribution
Percent of People with Each Score
Percentile by Number Answered
Your Score History
You have not taken this quiz